000 00433nam a2200169Ia 4500
003 GCL
008 140319s9999 xx 000 0 eng d
040 _aGCL /
_cGCL
082 0 4 _a821.1
_bB L
100 1 _aBURNIE, DAVID
245 1 0 _aTHE LANGUAGE OF CHACER /
_cBURNIE, DAVID
260 _a[S.N] :
_bTHE MACMILLAN PRESS ،
_c1983
300 _a264 P
650 0 4 _aENGLISH POETRY
650 0 4 _aCHAUCER, GEOFFERY
942 _2ddc
_cBK
999 _c24601
_d24601